Wykonawcy muzyki rozrywkowej - kraj pochodzenia - Statystyki

Ogólne statystyki
  • Ten quiz został rozwiązany 156 razy
  • Średni wynik to 15 z 20
Statystyki odpowiedzi
Wykonawca: Kraj pochodzenia: % Poprawnych
Camila Cabello Stany Zjednoczone
97%
Sabaton Szwecja
92%
Las Ketchup Hiszpania
91%
A-ha Norwegia
89%
Zucchero Włochy
85%
Bryan Adams Kanada
84%
Gorillaz Wielka Brytania
84%
Shakira Kolumbia
83%
U2 Irlandia
80%
Björk Islandia
80%
Sarah Connor Niemcy
78%
Lordi Finlandia
76%
Little Big Rosja
76%
Rihanna Barbados
72%
Midnight Oil Australia
67%
Kaoma Francja
66%
Vangelis Grecja
60%
Falco Austria
48%
Vanilla Ninja Estonia
34%
Kristína Słowacja
25%
Nie znaleziono quizów pasujących do podanych kryteriów
Rozkład punktacji
Procent ludzi z każdym wynikiem
Percentyl według liczby udzielonych odpowiedzi
Twoja historia wyników
Nie rozwiązałeś tego quizu